000 00677nam a2200205Ia 4500
999 _c46998
_d46998
003 GCL
005 20240530104356.0
008 140319s9999 xx 000 0 ara d
040 _aGCL /
_cGCL
082 0 4 _a146.3
_bب م
100 1 _aبولتزير ، جورج
245 1 0 _aالمادية والمثالية فى الفلسفة (هدية من الاديب عبدالفتاح الجمل) /
_cجورج بولتزير
300 _a240 ص
490 _aالهيئة العامة للاستعلامات
_v0
650 0 4 _aالفلسفة
650 0 4 _aالمثالية
650 0 4 _aالمادية (فلسفة)
700 1 _aاسماعيل المهدى
942 _2ddc
_cBK